Gminy powiatu sieradzkiego - Statystyki

Ogólne statystyki
  • Ten quiz został rozwiązany 118 razy
  • Średni wynik to 8 z 11
Statystyki odpowiedzi
Rodzaj Nazwa % Poprawnych
Miejska Sieradz
98%
Wiejska Sieradz
98%
Miejsko-wiejska Warta
87%
Miejsko-wiejska Błaszki
82%
Miejsko-wiejska Złoczew
79%
Wiejska Wróblew
65%
Wiejska Burzenin
60%
Wiejska Brąszewice
56%
Wiejska Brzeźnio
52%
Wiejska Goszczanów
50%
Wiejska Klonowa
42%
Nie znaleziono quizów pasujących do podanych kryteriów
Rozkład punktacji
Procent ludzi z każdym wynikiem
Percentyl według liczby udzielonych odpowiedzi
Twoja historia wyników
Nie rozwiązałeś tego quizu